For UGC National Eligibility Test; Kalyani Guide To Agriculture Competitions (Record no. 14395)
[ view plain ]
| 000 -LEADER | |
|---|---|
| fixed length control field | 00523nam a22001337a 4500 |
| 020 ## - INTERNATIONAL STANDARD BOOK NUMBER | |
| ISBN | 9789327218572 |
| 082 ## - DEWEY DECIMAL CLASSIFICATION NUMBER | |
| Classification number | 630. |
| Item number | KAL |
| 245 ## - TITLE STATEMENT | |
| Title | For UGC National Eligibility Test; Kalyani Guide To Agriculture Competitions |
| 250 ## - EDITION STATEMENT | |
| Edition statement | 7 th re |
| 260 ## - PUBLICATION, DISTRIBUTION, ETC. (IMPRINT) | |
| Place of publication | New delhi |
| Name of publisher | Kalyani Publishers |
| Year of publication | 2012 |
| 500 ## - GENERAL NOTE | |
| General note | ICAR,JRF, SRF, NET, ARS, RAS BANKS AND OTHERS <br/>Separate Section For Questions Selected From Previous Papers<br/>With 37 Modules, based on Previous Papers<br/> |
| 700 ## - ADDED ENTRY--PERSONAL NAME | |
| Personal name | A Board of Experienced Teachers |
| 942 ## - ADDED ENTRY ELEMENTS (KOHA) | |
| Koha item type | Books |
| Withdrawn status | Lost status | Damaged status | Collection code | Home library | Current library | Shelving location | Date acquired | Source of acquisition | Cost, normal purchase price | Full call number | Accession Number | Koha item type |
|---|---|---|---|---|---|---|---|---|---|---|---|---|
| KAUAET | KAUAET | General Stacks | 28/06/2016 | Minerva Books Thrissur | 450.00 | 630. KAL | 23789 | Books | ||||
| KAUAET | KAUAET | Scheme | 22/08/2016 | Penta Books, Calicut. | 450.00 | 630. KAL | BB 255 | Book Bank scheme for SC students |
